Unit operations of chemical engineering (Record no. 3799)

000 -LEADER
fixed length control field 00652nam a2200241 a 4500
001 - CONTROL NUMBER
control field 3799
003 - CONTROL NUMBER IDENTIFIER
control field BD-DhUET
008 - FIXED-LENGTH DATA ELEMENTS--GENERAL INFORMATION
fixed length control field 850523s1985 nyua b 001 0 eng
020 ## - INTERNATIONAL STANDARD BOOK NUMBER
International Standard Book Number 0070448280
040 ## - CATALOGING SOURCE
Modifying agency BD-DhUET
Transcribing agency 0
082 0# - DEWEY DECIMAL CLASSIFICATION NUMBER
Classification number 660.2842
Item number MCC/1985
100 1# - MAIN ENTRY--PERSONAL NAME
Personal name McCabe, Warren L.
245 10 - TITLE STATEMENT
Title Unit operations of chemical engineering
250 ## - EDITION STATEMENT
Edition statement 4th ed.
260 ## - PUBLICATION, DISTRIBUTION, ETC. (IMPRINT)
Place of publication, distribution, etc. New York
Name of publisher, distributor, etc. McGraw-Hill
Date of publication, distribution, etc. 1985
300 ## - PHYSICAL DESCRIPTION
Extent x, 960 p.
Other physical details ill.
Dimensions 25 cm.
490 1# - SERIES STATEMENT
Series statement McGraw-Hill chemical engineering series
504 ## - BIBLIOGRAPHY, ETC. NOTE
Bibliography, etc Includes bibliographies
650 #0 - SUBJECT ADDED ENTRY--TOPICAL TERM
Topical term or geographic name as entry element Chemical Processer
700 1# - ADDED ENTRY--PERSONAL NAME
Personal name Smith, Julian C.
700 1# - ADDED ENTRY--PERSONAL NAME
Personal name Harriott, Peter.
942 ## - ADDED ENTRY ELEMENTS (KOHA)
Koha item type General Book
Holdings
Copy number Lost status Koha date last seen Date acquired Source of classification or shelving scheme Damaged status Shelving location Koha item type Koha date last borrowed Price effective from Piece designation (barcode) Sublocation or collection (holding branch) Koha normalized classification for sorting Koha full call number Not for loan Location (home branch) Withdrawn status Koha issues (times borrowed)
1 2016-10-232014-11-05  Circulation sectionGeneral Book 2014-11-0572739Central Library, BUET660_000000000000000_2842MCC198660.2842/MCC/1985 Central Library, BUET  
2 2014-11-052014-11-05  Circulation sectionGeneral Book 2014-11-0577549Central Library, BUET660_000000000000000_2842MCC198660.2842/MCC/1985 Central Library, BUET  
3 2018-12-042014-11-05  Circulation sectionGeneral Book2018-11-142014-11-0577550Central Library, BUET660_000000000000000_2842MCC198660.2842/MCC/1985 Central Library, BUET 2
4 2015-07-012015-07-01  Reading sectionReading Item 2015-07-0168731Central Library, BUET660_284200000000000_MCC_1985660.2842/MCC/1985 Central Library, BUET  
৪/ক-১ 2024-11-251989-06-27  Rental sectionRental Item 2024-11-2573910Central Library, BUET660_284200000000000_MCC_1985660.2842 MCC/1985 Central Library, BUET  
৪/ক-২ 2024-11-251989-06-27  Rental sectionRental Item 2024-11-2573911Central Library, BUET660_284200000000000_MCC_1985660.2842 MCC/1985 Central Library, BUET  
৪/ক-৩ 2024-11-251989-06-27  Rental sectionRental Item 2024-11-2573912Central Library, BUET660_284200000000000_MCC_1985660.2842 MCC/1985 Central Library, BUET  
৪/ক-৪ 2024-11-251989-06-27  Rental sectionRental Item 2024-11-2573913Central Library, BUET660_284200000000000_MCC_1985660.2842 MCC/1985 Central Library, BUET  
৪/ক-৫ 2024-11-251989-06-27  Rental sectionRental Item 2024-11-2573914Central Library, BUET660_284200000000000_MCC_1985660.2842 MCC/1985 Central Library, BUET  
৪/ক-৬ 2024-11-251989-06-27  Rental sectionRental Item 2024-11-2573915Central Library, BUET660_284200000000000_MCC_1985660.2842 MCC/1985 Central Library, BUET  
৪/ক-৭ 2024-11-251989-06-27  Rental sectionRental Item 2024-11-2573916Central Library, BUET660_284200000000000_MCC_1985660.2842 MCC/1985 Central Library, BUET  
৪/ক-৮ 2024-11-251989-06-27  Rental sectionRental Item 2024-11-2573917Central Library, BUET660_284200000000000_MCC_1985660.2842 MCC/1985 Central Library, BUET  
৪/ক-৯ 2024-11-251989-06-27  Rental sectionRental Item 2024-11-2573918Central Library, BUET660_284200000000000_MCC_1985660.2842 MCC/1985 Central Library, BUET  
৪/ক-১০ 2024-11-251989-06-27  Rental sectionRental Item 2024-11-2573919Central Library, BUET660_284200000000000_MCC_1985660.2842 MCC/1985 Central Library, BUET  
৪/ক-২৫ 2024-11-251989-06-27  Rental sectionRental Item 2024-11-2573934Central Library, BUET660_284200000000000_MCC_1985660.2842 MCC/1985 Central Library, BUET  
৪/ক-২৬ 2024-11-251989-06-27  Rental sectionRental Item 2024-11-2573935Central Library, BUET660_284200000000000_MCC_1985660.2842 MCC/1985 Central Library, BUET